pesticide utilization on dry season rice in break ambel commune, saang district, kandal province ការប្រើប្រាស់ថ្នាំកសិកម្មលើដំណាំស្រូវប្រាំងនៅឃុំព្រៃកអំបិល ស្រុកស្អាង ខេត្តកណ្តាល (Record no. 19199)

000 -LEADER
fixed length control field 00714nam a22001337a 4500
040 ## - CATALOGING SOURCE
Transcribing agency RUA
082 ## - DEWEY DECIMAL CLASSIFICATION NUMBER
Classification number AGR TAT 2016 B663 Or.1
100 ## - MAIN ENTRY--AUTHOR NAME
Personal name TAT RATANA តាត រត្ននា
245 ## - TITLE STATEMENT
Title pesticide utilization on dry season rice in break ambel commune, saang district, kandal province ការប្រើប្រាស់ថ្នាំកសិកម្មលើដំណាំស្រូវប្រាំងនៅឃុំព្រៃកអំបិល ស្រុកស្អាង ខេត្តកណ្តាល
260 ## - PUBLICATION, DISTRIBUTION, ETC. (IMPRINT)
Place of publication RUA
Name of publisher phnom penh
Year of publication 2016
300 ## - PHYSICAL DESCRIPTION
Number of Pages x,43p
Other physical details ill;
Dimensions 29cm
856 ## - ELECTRONIC LOCATION AND ACCESS
Uniform Resource Identifier https://drive.google.com/file/d/1eXxGBT8UiPmfagMvXqheC_uGPpafH_X5/view?usp=sharing
942 ## - ADDED ENTRY ELEMENTS (KOHA)
Koha item type AGR
952 ## - LOCATION AND ITEM INFORMATION (KOHA)
Withdrawn status [LOCAL, KOHA] 0
952 ## - LOCATION AND ITEM INFORMATION (KOHA)
Withdrawn status [LOCAL, KOHA] 0
952 ## - LOCATION AND ITEM INFORMATION (KOHA)
Withdrawn status [LOCAL, KOHA] 0
952 ## - LOCATION AND ITEM INFORMATION (KOHA)
Withdrawn status [LOCAL, KOHA] 0
952 ## - LOCATION AND ITEM INFORMATION (KOHA)
Withdrawn status [LOCAL, KOHA] 0
952 ## - LOCATION AND ITEM INFORMATION (KOHA)
Withdrawn status [LOCAL, KOHA] 0
Holdings
Permanent Location Date acquired Koha item type Lost status Shelving location Barcode Current Location Full call number
Library Block B2020-05-13AGR B633A43498Library Block BAGR TAT 2016 B663 Or.1
Library Block B2020-05-13AGR B633A43485Library Block BAGR TAT 2016 B663 Or.2
Library Block B2020-05-13AGR B633A43495Library Block BAGR TAT 2016 B663 Or.3
Library Block B2020-05-13AGR B633A43510Library Block BAGR TAT 2016 B663 Or.4
Library Block B2020-05-13AGR B633A43430Library Block BAGR TAT 2016 B663 Or.5
Library Block B2020-05-13AGR B633A43515Library Block BAGR TAT 2016 B663 Or.6
មជ្ឈមណ្ឌលឯការនៃសាកលវិទ្យាល័យភូមិន្ទកសិកម្មចំការដូង

Powered by Koha